Statistiken für Mississippi-Staaten mit einer leeren Karte

Klicken Sie hier um das Quiz zu spielen!

Allgemein

  • Dieses Quiz wurde 3.032 mal gespielt
  • Das Durchschnittsergebnis liegt bei 9 aus 10

Antworten auf der Karte

Die Antworten werden auf der Karte rot bzw. grün angezeigt, abhängig davon wie oft sie richtig erraten wurden.
Laden ...
 

Antwortstatistiken

Staat% Korrekt
Mississippi
97%
Louisiana
89%
Missouri
87%
Kentucky
86%
Illinois
85%
Tennessee
85%
Arkansas
83%
Iowa
81%
Minnesota
81%
Wisconsin
81%

Verteilung der Resultate

Perzentil nach korrekt beantworteten Fragen

Anzahl Personen mit jedem Resultat

Ihre Resultats-Entwicklung

Sie haben dieses Quiz noch nicht gespielt